header

The law (in plain English) for writers (Record no. 71242)

MARC details
000 -LEADER
fixed length control field 01240nam a2200337Ia 4500
082 04 - DEWEY DECIMAL CLASSIFICATION NUMBER
Classification number 349.73/024/8
100 1# - MAIN ENTRY--AUTHOR NAME
Personal name DuBoff, Leonard D.
245 14 - TITLE STATEMENT
Title The law (in plain English) for writers
250 ## - EDITION STATEMENT
Edition statement 4th ed.
260 ## - PUBLICATION, DISTRIBUTION, ETC. (IMPRINT)
Place of publication Naperville, Ill. :
Name of publisher Sphinx Pub.,
Year of publication 2005.
300 ## - PHYSICAL DESCRIPTION
Number of Pages xvi, 280 p.
500 ## - GENERAL NOTE
General note Includes index.
650 #0 - SUBJECT ADDED ENTRY--TOPICAL TERM
Topical Term Law
Topical Term Authors and publishers
Topical Term Press law
700 1# - ADDED ENTRY--PERSONAL NAME
Personal name Krages, Bert P.
856 40 - ELECTRONIC LOCATION AND ACCESS
Uniform Resource Identifier http://site.ebrary.com/lib/rucke/Doc?id=10091897

No items available.

© 2026 Rongo University
Contact us: librarian | system librarian | Rongo university